[Event "Gibtelecom Masters 3rd"]
[Site "Gibraltar"]
[Date "2005.01.26"]
[Round "2.5"]
[White "Cramling, Pia"]
[Black "Avrukh, Boris"]
[Result "0-1"]
[WhiteElo "2481"]
[BlackElo "2629"]
[PlyCount "75"]
[EventDate "2005.01.25"]
[EventType "swiss"]
[EventRounds "10"]
[EventCountry "GGB"]
[SourceTitle "BritBase"]
[Source "www.saund.co.uk"]
[SourceDate "2018.02.10"]
[SourceVersion "1"]
[SourceVersionDate "2018.02.10"]
[SourceQuality "1"]

1. d4 Nf6 2. Nf3 g6 3. g3 Bg7 4. Bg2 O-O 5. O-O d6 6. a4 Na6 7. Nc3 c5 8. e4
Bg4 9. Be3 Qc8 10. Qd2 Rd8 11. Rfe1 Nb4 12. dxc5 dxc5 13. Qc1 Nc6 14. Bg5 Nd7
15. Nd5 Re8 16. Nd2 h6 17. Be3 g5 18. f3 Bh5 19. Bf2 e6 20. Ne3 Qc7 21. Ra3
Rad8 22. Nec4 b6 23. Rd3 Nde5 24. Rxd8 Rxd8 25. Re3 Qd7 26. b3 Nb4 27. Bf1 Nxc4
28. Nxc4 Bd4 29. Re2 Bxf3 30. Rd2 Bxe4 31. Qe1 Ba8 32. Bxd4 cxd4 33. Ne5 Qc7
34. Ng4 Qc5 35. Rf2 Kg7 36. Ne5 f5 37. Bc4 Nxc2 38. Qd1 0-1

[Event "Gibtelecom Masters 3rd"]
[Site "Gibraltar"]
[Date "2005.01.28"]
[Round "4.20"]
[White "Cramling, Pia"]
[Black "Radovanovic, Jovica"]
[Result "1/2-1/2"]
[WhiteElo "2481"]
[BlackElo "2329"]
[PlyCount "126"]
[EventDate "2005.01.25"]
[EventType "swiss"]
[EventRounds "10"]
[EventCountry "GGB"]
[SourceTitle "BritBase"]
[Source "www.saund.co.uk"]
[SourceDate "2018.02.10"]
[SourceVersion "1"]
[SourceVersionDate "2018.02.10"]
[SourceQuality "1"]

1. d4 Nf6 2. Nf3 g6 3. g3 Bg7 4. Bg2 O-O 5. O-O d6 6. a4 a5 7. c3 Nbd7 8. Nbd2
e5 9. dxe5 Nxe5 10. Nxe5 dxe5 11. Nc4 Qe7 12. b3 Rd8 13. Ba3 Qe8 14. Qc2 e4 15.
Ne3 b6 16. Rad1 Bb7 17. c4 Qe6 18. h3 h5 19. Bb2 Rab8 20. Bxf6 Bxf6 21. Nd5
Bxd5 22. cxd5 Rxd5 23. Rxd5 Qxd5 24. Bxe4 Qe5 25. Qc4 b5 26. axb5 Qxb5 27. Qxc7
Be5 28. Qe7 Re8 29. Bd3 Qb8 30. Qd7 Rd8 31. Qb5 Bxg3 32. Qxa5 Bc7 33. Qb5 Qc8
34. Qc4 Kg7 35. Rc1 Rd7 36. Qc3+ Kh7 37. Qc5 Kg8 38. Qg5 Qb8 39. Bc4 Kg7 40.
Ra1 Qb4 41. Qe3 Qd6 42. Qc3+ Kh7 43. Qf3 Qd4 44. Rb1 Kg7 45. e3 Qc5 46. Kf1 Be5
47. Kg2 Bf6 48. Rd1 Qg5+ 49. Kf1 Rxd1+ 50. Qxd1 Qf5 51. Kg2 Qe4+ 52. Kg1 Qf5
53. Qd5 Qxd5 54. Bxd5 Be7 55. Kf1 g5 56. Ke2 g4 57. hxg4 hxg4 58. Kd3 f5 59.
Kd4 Bf6+ 60. Kc4 Bh4 61. f3 gxf3 62. Bxf3 Bf2 63. Kd3 Be1 1/2-1/2

[Event "Gibtelecom Masters 3rd"]
[Site "Gibraltar"]
[Date "2005.01.30"]
[Round "6.3"]
[White "Nakamura, Hikaru"]
[Black "Aronian, Levon"]
[Result "1/2-1/2"]
[WhiteElo "2613"]
[BlackElo "2684"]
[PlyCount "69"]
[EventDate "2005.01.25"]
[EventType "swiss"]
[EventRounds "10"]
[EventCountry "GGB"]
[SourceTitle "BritBase"]
[Source "www.saund.co.uk"]
[SourceDate "2018.02.10"]
[SourceVersion "1"]
[SourceVersionDate "2018.02.10"]
[SourceQuality "1"]

1. e4 e5 2. Nf3 Nc6 3. Bb5 a6 4. Ba4 Nf6 5. O-O Be7 6. Re1 b5 7. Bb3 O-O 8. c3
d5 9. exd5 Nxd5 10. Nxe5 Nxe5 11. Rxe5 c6 12. d3 Bd6 13. Re1 Bf5 14. Qf3 Qh4
15. g3 Qh3 16. Nd2 Rae8 17. Ne4 Bg4 18. Qg2 Qxg2+ 19. Kxg2 f5 20. h3 Bh5 21.
Bf4 Bxf4 22. gxf4 fxe4 23. dxe4 Bf3+ 24. Kxf3 Rxf4+ 25. Kg3 Rfxe4 26. Rxe4 Rxe4
27. f3 Re2 28. c4 bxc4 29. Bxc4 Rxb2 30. Bxa6 g5 31. a4 Kg7 32. a5 Nf4 33. Bf1
Kg6 34. h4 Kf5 35. a6 1/2-1/2

[Event "Gibtelecom Masters 3rd"]
[Site "Gibraltar"]
[Date "2005.01.30"]
[Round "6.39"]
[White "Van Eijk, Sander"]
[Black "Diaz, Ignacio"]
[Result "1-0"]
[WhiteElo "2216"]
[BlackElo "2090"]
[PlyCount "115"]
[EventDate "2005.01.25"]
[EventType "swiss"]
[EventRounds "10"]
[EventCountry "GGB"]
[SourceTitle "BritBase"]
[Source "www.saund.co.uk"]
[SourceDate "2018.02.10"]
[SourceVersion "1"]
[SourceVersionDate "2018.02.10"]
[SourceQuality "1"]

1. e4 d5 2. exd5 Qxd5 3. Nc3 Qa5 4. d4 c6 5. Nf3 Bf5 6. Bd2 Nf6 7. Ne4 Qc7 8.
Nxf6+ gxf6 9. g3 Nd7 10. Bg2 e6 11. O-O O-O-O 12. c4 Bd3 13. Bf4 e5 14. Qxd3
exf4 15. Qf5 fxg3 16. fxg3 Kb8 17. c5 h5 18. Kh1 Be7 19. Nh4 Nf8 20. Qf2 Ng6
21. Nf5 h4 22. g4 Bf8 23. b4 Ne7 24. b5 Nxf5 25. gxf5 h3 26. Be4 cxb5 27. Rab1
Qa5 28. Qf4+ Qc7 29. Qf2 Qa5 30. Rfd1 a6 31. Qg3+ Ka7 32. a4 b4 33. Qb3 Rh4 34.
Bf3 Rf4 35. Rd3 Rxf5 36. Qxb4 Qxb4 37. Rxb4 Rxf3 38. Rxf3 Bxc5 39. Rc4 Rxd4 40.
Rxd4 Bxd4 41. Rxh3 Kb6 42. Rh7 Ka5 43. Rxf7 b6 44. Rd7 Be5 45. Rb7 Bd4 46. Re7
Be5 47. h4 Kxa4 48. Rxe5 fxe5 49. h5 b5 50. h6 b4 51. h7 b3 52. h8=Q b2 53. Qb8
Ka3 54. Qb6 Ka2 55. Qxa6+ Kb1 56. Kg2 Kc2 57. Qc4+ Kd2 58. Qb3 1-0

[Event "Gibtelecom Masters 3rd"]
[Site "Gibraltar"]
[Date "2005.01.31"]
[Round "7.18"]
[White "Pert, Nicholas"]
[Black "Kobese, Watu"]
[Result "1-0"]
[WhiteElo "2501"]
[BlackElo "2419"]
[PlyCount "101"]
[EventDate "2005.01.25"]
[EventType "swiss"]
[EventRounds "10"]
[EventCountry "GGB"]
[SourceTitle "BritBase"]
[Source "www.saund.co.uk"]
[SourceDate "2018.02.10"]
[SourceVersion "1"]
[SourceVersionDate "2018.02.10"]
[SourceQuality "1"]

1. d4 Nf6 2. Nf3 e6 3. c4 Bb4+ 4. Bd2 Qe7 5. g3 Nc6 6. Nc3 Bxc3 7. Bxc3 Ne4 8.
Rc1 O-O 9. Bg2 Nxc3 10. Rxc3 d6 11. d5 Nb8 12. dxe6 fxe6 13. Nd4 c6 14. O-O e5
15. Nc2 Na6 16. b4 Be6 17. Qd2 Nc7 18. Ne3 Rad8 19. Rd3 Rf6 20. a4 a6 21. b5
axb5 22. axb5 Bxc4 23. Nxc4 Nxb5 24. Qe3 Rdf8 25. Nd2 d5 26. Bxd5+ cxd5 27.
Rxd5 Nd6 28. Rxe5 Qf7 29. Qb3 Rc8 30. Qxf7+ Kxf7 31. Rb1 Re6 32. Rd5 Ke7 33. e4
Rc7 34. e5 Nf7 35. f4 g5 36. Rdb5 Nd8 37. fxg5 Rec6 38. Kf2 Rd7 39. R1b2 Rc1
40. Ne4 Rdd1 41. Rb6 Re1 42. Re2 Rg1 43. Rh6 Nc6 44. Rxh7+ Ke6 45. Rxb7 Nd4 46.
Rd2 Rcf1+ 47. Ke3 Nf5+ 48. Kd3 Rf3+ 49. Ke2 Re3+ 50. Kf2 Ree1 51. Nc5+ 1-0

[Event "Gibtelecom Masters 3rd"]
[Site "Gibraltar"]
[Date "2005.01.31"]
[Round "7.20"]
[White "Radovanovic, Jovica"]
[Black "Cmilyte, Viktorija"]
[Result "0-1"]
[WhiteElo "2329"]
[BlackElo "2468"]
[PlyCount "138"]
[EventDate "2005.01.25"]
[EventType "swiss"]
[EventRounds "10"]
[EventCountry "GGB"]
[SourceTitle "BritBase"]
[Source "www.saund.co.uk"]
[SourceDate "2018.02.10"]
[SourceVersion "1"]
[SourceVersionDate "2018.02.10"]
[SourceQuality "1"]

1. e4 c5 2. Nf3 Nc6 3. Bb5 g6 4. O-O Bg7 5. Re1 Nf6 6. c3 O-O 7. h3 e5 8. d3 d6
9. a3 Qc7 10. Nbd2 h6 11. Nf1 d5 12. Bxc6 bxc6 13. exd5 Nxd5 14. Ne3 Re8 15.
Nc4 Ba6 16. Qa4 Bb5 17. Qb3 Rab8 18. Be3 e4 19. dxe4 Rxe4 20. Ncd2 Bd3 21. Qa2
Rxe3 22. fxe3 Bxc3 23. b3 Bg7 24. Nf1 Bxa1 25. Qxa1 Bxf1 26. Rxf1 Nxe3 27. Re1
Nc2 28. Qe5 Qb6 29. Rf1 c4+ 30. Kh1 cxb3 31. Nd2 Rf8 32. Ne4 Qd4 33. Nf6+ Kh8
34. Qe7 Qd8 35. Qe5 b2 36. Nh5+ f6 37. Qxb2 Ne3 38. Rxf6 Rxf6 39. Nxf6 Qd1+ 40.
Kh2 Qd6+ 41. Kh1 Nd1 42. Qa1 Nf2+ 43. Kg1 Qd1+ 44. Qxd1 Nxd1 45. Nd7 Kg7 46.
Kf1 Ne3+ 47. Kf2 Nc4 48. a4 Kf7 49. Nb8 Ne5 50. Ke3 Ke6 51. Ke4 Kd6 52. Na6 Nd7
53. Kd4 c5+ 54. Kc4 Kc6 55. a5 Ne5+ 56. Kc3 Kb5 57. Nc7+ Kxa5 58. g4 Kb6 59.
Nd5+ Kb5 60. Nf6 a5 61. Ng8 Nf7 62. Ne7 g5 63. Nf5 a4 64. Ne3 Nd6 65. Nd5 Ne4+
66. Kc2 c4 67. Ne3 a3 68. Nf5 Kb4 69. Nxh6 c3 0-1

[Event "Gibtelecom Masters 3rd"]
[Site "Gibraltar"]
[Date "2005.02.03"]
[Round "10.2"]
[White "Kotronias, Vasilios"]
[Black "Efimenko, Zahar"]
[Result "1/2-1/2"]
[WhiteElo "2585"]
[BlackElo "2601"]
[PlyCount "92"]
[EventDate "2005.01.25"]
[EventType "swiss"]
[EventRounds "10"]
[EventCountry "GGB"]
[SourceTitle "BritBase"]
[Source "www.saund.co.uk"]
[SourceDate "2018.02.10"]
[SourceVersion "1"]
[SourceVersionDate "2018.02.10"]
[SourceQuality "1"]

1. e4 e6 2. d4 d5 3. Nd2 dxe4 4. Nxe4 Nd7 5. Nf3 Ngf6 6. Nxf6+ Nxf6 7. Bg5 h6
8. Bh4 c5 9. Ne5 Qa5+ 10. c3 cxd4 11. Qxd4 Bc5 12. Nc4 Bxd4 13. Nxa5 Be5 14.
Bg3 Bxg3 15. hxg3 O-O 16. a3 b6 17. Nc4 Bb7 18. a4 Rfd8 19. a5 Ne4 20. Be2 Nc5
21. axb6 axb6 22. O-O Rxa1 23. Rxa1 Ba6 24. f3 Kf8 25. b4 Bxc4 26. Bxc4 Nb7 27.
Ra6 Rc8 28. Be2 Nd6 29. Rxb6 Ke7 30. c4 Nxc4 31. Rb7+ Ke8 32. Bxc4 Rxc4 33. b5
Rc2 34. g4 g5 35. Kf1 Rb2 36. g3 Kd8 37. Rxf7 Rxb5 38. Ke2 Ke8 39. Rh7 Rb2+ 40.
Ke3 Rg2 41. Rxh6 Kf7 42. Rh3 Kg6 43. Kd3 Rf2 44. Ke3 Rg2 45. Rh5 Kf6 46. Rh3
Ke5 1/2-1/2